Statistics for Primate Knowledge

Click here to take the quiz!

General Stats

  • This quiz has been taken 13,841 times
  • The average score is 14 of 19

Answer Stats

QuestionAnswer% Correct
Species of ape that has orange furOrangutan
98%
Largest type of primateGorilla
96%
Only country where lemurs live in the wildMadagascar
92%
Species of ape that is the closest living relative of humansChimpanzee / Bonobo
91%
Giant fictional ape which came from Skull IslandKing Kong
89%
Body part that monkeys generally have which apes do nota Tail
80%
Planet on which the movie "Planet of the Apes" took placeEarth
79%
The scientific name for the human speciesHomo sapiens
77%
Where arboreal primates livein a {Tree}
77%
Country in which you could find one of the above in the wildIndonesia / Malaysia
76%
Rugged relative of modern humans which lived in Europe and Asia before
going extinct around 40,000 years ago
Neanderthal
69%
Action which is a sign of friendliness in humans but generally a sign of
aggression in monkeys
Smiling
69%
Deadly disease spread from apes to humans in Africa in the early 20th centuryHIV
67%
Only place in Europe where wild monkeys live (a British territory)Gibraltar
65%
Two countries that are home to the most different species of primatesD.R. Congo
61%
T word which refers to a group of monkeysTroop
61%
Two countries that are home to the most different species of primatesBrazil
60%
Appropriately, the loudest species of primate{Howler} Monkey
59%
Complete the analogy: bovine is to cows as ____ is to monkeysSimian
23%

Score Distribution

Percentile by Number Answered

Percent of People with Each Score

Your Score History

You have not taken this quiz